Normal view MARC view

Entry Personal Name

Number of records used in: 1

001 - CONTROL NUMBER

  • control field: 1187828

003 - CONTROL NUMBER IDENTIFIER

  • control field: OSt

005 - DATE AND TIME OF LATEST TRANSACTION

  • control field: 20260324132038.0

008 - FIXED-LENGTH DATA ELEMENTS

  • fixed length control field: 260324|| aca||aabn | a|a d

040 ## - CATALOGING SOURCE

  • Original cataloging agency: OSt
  • Transcribing agency: OSt

100 ## - HEADING--PERSONAL NAME

  • Personal name: M.T. Hutchings; T.M. Holden; Torben Lorentzen; P.J. Withers

670 ## - SOURCE DATA FOUND

  • Source citation: Work cat.: (OSt)1785523: M.T. Hutchings; T.M. Holden; Torben Lorentzen; P.J. Withers, Introduction to the Characterization of Residual Stress by Neutron Diffraction
Copyright @ Delhi University Library System